Programación multicriterio: un instrumento para el diseño de sistemas de producción
Kaydedildi:
| Asıl Yazarlar: | , , |
|---|---|
| Materyal Türü: | Kitap |
| Dil: | İspanyolca |
| Baskı/Yayın Bilgisi: |
Santiago
RIMISP
1993
|
| Edisyon: | 1a. ed |
| Seri Bilgileri: | Serie Materiales Docentes, 3
|
| Konular: | |
| Etiketler: |
Etiketle
Etiket eklenmemiş, İlk siz ekleyin!
|
MARC
| LEADER | 00000nam a2200000 a 4500 | ||
|---|---|---|---|
| 001 | UCJ9165 | ||
| 003 | CL-VaPUC | ||
| 008 | 070309e19930000CL |||||||||||||||||spa|d | ||
| 082 | 0 | 4 | |a 658.403 |b MAI |2 21 |
| 100 | |a Maino Menéndez, Mario |e autor |9 525811 | ||
| 700 | 0 | |a Pittet D., Julio |e author |9 519065 | |
| 700 | 0 | |a Köbrich G., Claus |e author |9 519066 | |
| 245 | 1 | 0 | |a Programación multicriterio: un instrumento para el diseño de sistemas de producción |
| 250 | |a 1a. ed | ||
| 300 | |a 97 p | ||
| 942 | |c BK | ||
| 945 | |d 20070309 00:00:00 |a cmena | ||
| 260 | |a Santiago |b RIMISP |c 1993 | ||
| 650 | 0 | |a Programación matemática |9 260785 | |
| 650 | 0 | |a Toma de decisiones |9 257530 | |
| 650 | 0 | |a Programación orientada al objeto |9 387863 | |
| 650 | 7 | |a EMPRESAS PRODUCTIVAS |2 CL-VaPUC |9 358973 | |
| 650 | 0 | |a Modelos matemáticos |9 259437 | |
| 583 | |a last modification |c 20070309 00:00:00 |k Rodrigo Vera | ||
| 490 | 0 | |a Serie Materiales Docentes, 3 | |
| 999 | |c 324752 |d 324750 | ||
| 952 | |0 0 |1 0 |4 0 |6 658_403000000000000_MAI_1993 |7 0 |8 A |9 405111 |a BIBAGR |b BIBAGR |d 2019-11-22 |i 4242181 |o 658.403 MAI 1993 |p 4242181 |r 2025-01-20 |w 2019-11-22 |y BK |k AGR | ||